Online Catalogue and eLibrary

Mohavasal (Record no. 6040)

MARC details
000 -LEADER
fixed length control field 00341nam a22001457a 4500
005 - DATE AND TIME OF LATEST TRANSACTION
control field 20250509072033.0
008 - FIXED-LENGTH DATA ELEMENTS--GENERAL INFORMATION
fixed length control field 250509b |||||||| |||| 00| 0 eng d
082 ## - DDC Classification
DDC Edition Number 22
Class No. 894
Item Number - Author Mark MOG
100 ## - MAIN ENTRY--PERSONAL NAME
Personal name Rangakumar
245 ## - TITLE STATEMENT
Title Mohavasal
260 ## - PUBLICATION, DISTRIBUTION, ETC.
Place of publication, distribution, etc. Madras
Name of publisher, distributor, etc. Suriya Achagam
Date of publication, distribution, etc. 1995
300 ## - PHYSICAL DESCRIPTION
Extent (e.g. Volumes, Pages etc.) 132 p .,
650 ## - SUBJECT ADDED ENTRY--TOPICAL TERM
Topical term or geographic name entry element Sirukadhai Thoguppu
942 ## - Koha item type (Biblio)
Koha item type Books in Stacks (Lending)
Holdings
Lost status Damaged status Collection code Home library Current library Date acquired Full call number Accession Number Item type
    Lending WERC Library WERC Library 05/09/2025 894 MOG 6829 Books in Stacks (Lending)

© WERC Library